01350nam a2200325 a 4500001000400000003001000004005001700014008004100031020001800072040002500090080001600115090001600131245019500147260003900342300002000381500005000401500002200451650003300473650002400506650003000530650003600560700004700596700003200643700003200675700005200707942001200759952012000771952012000891999001301011378BR-CuiBMT20231103132316.0231102s2008 mgb 000 0 por d a9788577001750 aBR-CuiBMTcBR-CuiBMT 22007a351.9 a351.9bC82500aCorrupção, ética e moralidade administrativa /cLuís Manuel Fonseca Pires, Maurício Zockun, Renata Porto Adri (coordenadores) ; [autores: Antonio Carlos Ozório Nunes ... et al.]. aBelo Horizonte :bFórum, c2008. a380 p. ;c24 cm aInformações de autoria retiradas da capa. aVários autores. aCorrupção administrativa aComportamento moral aMoralidade administrativa aDireito administrativogética1 aPires, Luis Manuel Fonseca,d1974-4coord.1 aZockun, Maurício4coord. 1 aAdri, Renata Porto4coord. 1 aNunes, Antonio Carlos Ozórioeet al.eautores 2udccLV 00102udc4070aBIBTCEMTbBIBTCEMTd2019-08-13l0o351.9 C825pBIBTCEMT23110076r2023-11-03tEx. 1w2023-11-03yLV 00102udc4070aBIBTCEMTbBIBTCEMTd2019-08-13l0o351.9 C825pBIBTCEMT23110093r2023-11-03tEx. 2w2023-11-03yLV c378d378